Vodný roztok na parenterálnu výživu

Bibliographic Details
Corporate Author: B. Braun Melsungen AG (Melsungen, Nemecko) (Patent holder)
Other Authors: Guardiola, Jaime (Originator), Wolf, Martin (Originator)
Format: Book
Language:Slovak
PhysicalDescription:5 s. tab. 30 cm
Published: [Banská Bystrica] Úrad priemyselného vlastníctva Slovenskej republiky [2004]
Subjects:

MARC

LEADER 00000nam a2200000 a 4500
001 vtls008156149
003 SK-MaSNL
005 20260331204322.0
008 251120s xo a j f000 0 slo
013 |a 284190  |b SK  |c patent  |d 20041005  |e dátum nadobudnutia účinkov patentu (Vestník ÚPV SR č.: 10/2004 )  |d 20040916  |e dátum sprístupnenia patentu 
013 |a 957-2000  |e číslo prihlášky  |d 20000620  |e dátum podania prihlášky  |d 20010118  |e dátum zverejnenia prihlášky (Vestník ÚPV SR č.: 01/2001) 
013 |a 991123  |e číslo prioritnej prihlášky  |d 19990626  |e dátum podania prioritnej prihlášky  |b EP  |e kód krajiny prioritnej prihlášky 
015 |a SNBN2013 
040 |a SNK  |b slo  |c SNK  |e AACR2 
041 0 |a slo 
044 |a xo  |c SK 
072 7 |a 615  |x Farmácia. Farmakológia  |2 konspekt 
080 |a 615.456  |2 2001 
080 |a 612.3  |2 2001 
084 |a A23L 1/305  |2 IPC 
084 |a A23L 1/304  |2 IPC 
084 |a A61K 31/195  |2 IPC 
084 |a A61K 33/00  |2 IPC 
100 1 |a Guardiola, Jaime  |4 org  |9 641930 
245 1 0 |a Vodný roztok na parenterálnu výživu  |c Jaime Guardiola, Martin Wolf ; patent. zást. Eva Bušová 
260 |a [Banská Bystrica]  |b Úrad priemyselného vlastníctva Slovenskej republiky  |c [2004] 
300 |a 5 s.  |b tab.  |c 30 cm 
650 0 7 |a technológia liekov  |2 SNKPH  |9 78332 
650 0 7 |a drug technology  |2 SNKPHeng  |9 641931 
650 0 7 |a parenterálna výživa  |2 SNKPH  |9 2560 
650 0 7 |a parenteral feeding  |2 SNKPHeng  |9 477828 
655 7 |a patenty  |2 SNKPH  |9 177343 
655 7 |a patent licenses  |2 SNKPHeng  |9 303430 
700 1 |a Wolf, Martin  |4 org  |9 641932 
700 1 |a Bušová, Eva  |4 oth  |9 297878 
710 2 |a B. Braun Melsungen AG (Melsungen, Nemecko)  |4 pth  |9 166770 
999 |c 991591  |d 993521 
952 |a SNK  |b SNK  |y PREZ  |7 0  |p 17A0467386  |o snkSK 284190  |i snk2005/8844  |8 0  |0 0  |1 0  |4 0  |d 2005-05-25  |l 0  |r 2026-02-24 11:51:42  |w 2026-02-24